000
00294nam a22001217a 4500
040
_c
SK
082
_a
616
100
_a
ព្រំ ដន
245
_a
Non infectious disease; ជំងឺមិនឆ្លងសត្វ
260
_a
RUA
_b
ព្រំ
_c
2011
300
_a
78p.
942
_c
KB
999
_c
8944
_d
8944